[Event "KL Chess Open 2014"]
[Site "Kuala Lumpur MAS"]
[Date "2014.04.05"]
[Round "3.2"]
[White "Nguyen, Van Huy"]
[Black "Atalik, Suat"]
[Result "1/2-1/2"]
[WhiteTitle "IM"]
[BlackTitle "GM"]
[WhiteElo "2423"]
[BlackElo "2562"]
[WhiteFideId "12401064"]
[BlackFideId "14401487"]
[EventDate "2014.04.04"]

1. Nf3 Nf6 2. c4 b6 3. g3 Bb7 4. Bg2 c5 5. O-O g6 6. b3 d5 7. cxd5 Bg7 8. Bb2
O-O 9. d3 Nxd5 10. Bxg7 Kxg7 11. Qc1 Nc6 12. Qb2+ f6 13. Nc3 Nxc3 14. Qxc3 e5
15. e3 Rf7 16. Rfd1 Rd7 17. Ne1 Rd6 18. Rd2 Qd7 19. Rad1 a5 20. Nc2 Nb4 21. Bxb7
Qxb7 22. a3 Nxc2 23. Rxc2 Qf3 24. Rcd2 Rc6 25. Qc4 Rd8 26. Qb5 h5 27. h4 Rcd6
28. b4 cxb4 29. axb4 Qc6 30. Qxc6 Rxc6 31. bxa5 bxa5 32. Ra1 Rc3 33. Rxa5 1/2-1/2

[Event "KL Chess Open 2014"]
[Site "Kuala Lumpur MAS"]
[Date "2014.04.05"]
[Round "3.3"]
[White "Aravindh, Chithambaram VR."]
[Black "Deepan, Chakkravarthy J."]
[Result "1/2-1/2"]
[WhiteTitle "FM"]
[BlackTitle "GM"]
[WhiteElo "2417"]
[BlackElo "2515"]
[WhiteFideId "5072786"]
[BlackFideId "5011132"]
[EventDate "2014.04.04"]

1. e4 e5 2. Nf3 Nc6 3. Bc4 Bc5 4. c3 Nf6 5. d3 O-O 6. O-O d6 7. Nbd2 a6 8. Bb3
Ba7 9. h3 Be6 10. Re1 h6 11. Nf1 Re8 12. Bxe6 Rxe6 13. Ng3 d5 14. Qc2 Qd7 15.
Be3 Bxe3 16. Rxe3 Rd8 17. Nf5 Kh7 18. Ree1 g6 19. Ne3 d4 20. cxd4 Nxd4 21. Nxd4
Qxd4 22. Qxc7 Rd7 23. Qc2 Qxd3 24. Qxd3 Rxd3 25. f3 Nh5 26. Rad1 Red6 27. Rxd3
Rxd3 28. Rd1 Rxd1+ 1/2-1/2

[Event "KL Chess Open 2014"]
[Site "Kuala Lumpur MAS"]
[Date "2014.04.05"]
[Round "3.4"]
[White "Venkatesh, M.R."]
[Black "Lazarev, Vladimir"]
[Result "1-0"]
[WhiteTitle "GM"]
[BlackTitle "GM"]
[WhiteElo "2515"]
[BlackElo "2441"]
[WhiteFideId "5005779"]
[BlackFideId "4113250"]
[EventDate "2014.04.04"]

1. e4 c5 2. b3 Nc6 3. Bb2 e6 4. Nf3 a6 5. c4 Qc7 6. g3 Nf6 7. e5 Ng4 8. Qe2 Be7
9. h3 Nh6 10. Na3 b6 11. Bg2 Bb7 12. Nc2 Nf5 13. O-O h5 14. Rfd1 g5 15. Nfe1
O-O-O 16. b4 Rh6 17. bxc5 bxc5 18. Rab1 g4 19. h4 f6 20. d4 cxd4 21. Bxd4 Ncxd4
22. Nxd4 Bxg2 23. Nxf5 exf5 24. Nxg2 fxe5 25. Ne3 Bc5 26. Nd5 Qa7 27. Rd3 e4 28.
Rdb3 Re8 29. Qb2 Bd6 30. Rb7 Qc5 31. Rb8+ 1-0

[Event "KL Chess Open 2014"]
[Site "Kuala Lumpur MAS"]
[Date "2014.04.05"]
[Round "3.5"]
[White "Dzhumaev, Marat"]
[Black "Nolte, Rolando"]
[Result "1/2-1/2"]
[WhiteTitle "GM"]
[BlackTitle "IM"]
[WhiteElo "2496"]
[BlackElo "2417"]
[WhiteFideId "14200236"]
[BlackFideId "5200636"]
[EventDate "2014.04.04"]

1. e4 c5 2. Nf3 d6 3. d4 cxd4 4. Nxd4 Nf6 5. Nc3 a6 6. Be2 e5 7. Nb3 Be7 8. O-O
O-O 9. Re1 Be6 10. Bf1 Nbd7 11. a4 Rc8 12. a5 Qc7 13. h3 Qc6 14. f4 h6 15. f5
Bc4 16. Nd2 Bxf1 17. Nxf1 Nc5 18. Ne3 Rfe8 19. Ned5 Ncd7 20. Nxe7+ Rxe7 21. Qf3
b5 22. axb6 Qxb6+ 23. Kh1 Qb7 24. g4 d5 25. exd5 e4 26. Qg2 Nxd5 27. Nxd5 Qxd5
28. Bf4 Qc6 29. Re2 Nf6 30. g5 hxg5 31. Bxg5 Re5 32. Rf1 Nh7 33. Be3 f6 34. Bd4
Re7 35. h4 Rce8 36. Rf4 Qd5 37. c3 a5 38. Re3 a4 39. Kg1 Kh8 40. Rf2 Ra8 41. Qg4
Rae8 42. Rfe2 Qc6 43. Kf2 Qd5 44. Qf4 Kg8 45. Rg3 Rb7 46. Rge3 Rbe7 47. Rg3 Rb7
48. Rge3 1/2-1/2

[Event "KL Chess Open 2014"]
[Site "Kuala Lumpur MAS"]
[Date "2014.04.05"]
[Round "3.6"]
[White "Ramnath Bhuvanesh, R"]
[Black "Nguyen, Huynh Minh Huy"]
[Result "1/2-1/2"]
[WhiteTitle "IM"]
[BlackTitle "IM"]
[WhiteElo "2408"]
[BlackElo "2474"]
[WhiteFideId "5026598"]
[BlackFideId "12401269"]
[EventDate "2014.04.04"]

1. e4 c5 2. Nf3 e6 3. d4 cxd4 4. Nxd4 a6 5. Be2 Nf6 6. Nc3 Qc7 7. O-O Bb4 8. Qd3
Nc6 9. Kh1 Nxd4 10. Qxd4 Bc5 11. Qd3 b5 12. f4 Bb7 13. Bf3 h5 14. e5 Ng4 15.
Bxb7 Qxb7 16. Ne4 Qc6 17. Bd2 Be7 18. a3 a5 19. Rae1 h4 20. Qf3 Nh6 21. Re3 Nf5
22. Rc3 Qa6 23. Rd1 b4 24. axb4 axb4 25. Rd3 Rc8 26. c3 bxc3 1/2-1/2

[Event "KL Chess Open 2014"]
[Site "Kuala Lumpur MAS"]
[Date "2014.04.05"]
[Round "3.7"]
[White "Nguyen, Anh Dung"]
[Black "Majella, Yoseph R."]
[Result "1-0"]
[WhiteTitle "GM"]
[WhiteElo "2453"]
[BlackElo "2278"]
[WhiteFideId "12400025"]
[BlackFideId "7100680"]
[EventDate "2014.04.04"]

1. d4 d5 2. c4 c6 3. Nf3 Nf6 4. e3 Bf5 5. Nc3 e6 6. Nh4 Bg4 7. Qb3 Qc7 8. h3 Bh5
9. g4 Bg6 10. Nxg6 hxg6 11. Bg2 Nbd7 12. Bd2 Be7 13. O-O-O Nb6 14. cxd5 cxd5 15.
Kb1 Nc4 16. Bc1 O-O 17. g5 Ne4 18. Nxe4 dxe4 19. Bxe4 Bxg5 20. h4 Be7 21. h5 g5
22. Bc2 Rac8 23. e4 e5 24. dxe5 Qxe5 25. Rd5 Qc7 26. Rhd1 Rfd8 27. Rxd8+ Bxd8
28. e5 Nxe5 29. Bf5 Bf6 30. Bxc8 Qxc8 31. Re1 a6 32. Qc2 Qxc2+ 33. Kxc2 Kh7 34.
Bd2 Nf3 35. Re8 Nxd2 36. Kxd2 Bxb2 37. Re7 b6 38. Rxf7 Kh6 39. Rd7 Ba3 40. f3 g6
41. hxg6 Kxg6 42. Ke3 Kf5 43. Rd5+ Kf6 44. Ke4 Bc5 45. Rd8 a5 46. Rc8 Kg6 47. a4
Bf2 48. Rc6+ Kh5 49. Rc2 Bc5 50. Kf5 Kh4 51. Rg2 Be3 52. Rg4+ Kh5 53. Rc4 Bc5
54. Re4 Bd6 55. Rg4 Be7 56. Ke6 Bc5 57. Kf6 Be3 58. Kf5 Kh6 59. Re4 Bc5 60. Re8
Bd4 61. Re6+ Kh5 62. Re2 Kh6 63. Rh2+ Kg7 64. Kxg5 Kf7 65. Kf5 Ke7 66. Ke4 Bc5
67. f4 Bb4 68. Rh6 Bc5 69. Ke5 Kd7 70. f5 Be3 71. Rd6+ Kc7 72. Kd5 Bd2 73. f6
Bb4 74. Rc6+ Kb7 75. f7 b5 76. Rc5 1-0

[Event "KL Chess Open 2014"]
[Site "Kuala Lumpur MAS"]
[Date "2014.04.06"]
[Round "3.8"]
[White "Kulkarni, Bhakti"]
[Black "Gomez, John Paul"]
[Result "0-1"]
[WhiteTitle "CM"]
[BlackTitle "GM"]
[WhiteElo "2246"]
[BlackElo "2524"]
[WhiteFideId "5019516"]
[BlackFideId "5201381"]
[EventDate "2014.04.04"]

1. d4 d5 2. c4 c6 3. Nf3 Nf6 4. e3 Bf5 5. Nc3 e6 6. Qb3 Qb6 7. c5 Qc7 8. Nh4 Bg6
9. Nxg6 hxg6 10. g3 Be7 11. e4 dxe4 12. Bg2 Nbd7 13. Bf4 e5 14. dxe5 Nxe5 15.
O-O Bxc5 16. Nxe4 Nxe4 17. Bxe4 O-O-O 18. Bg2 f6 19. Qc2 Bd4 20. Rab1 g5 21.
Bxe5 Qxe5 22. b4 Qc7 23. Qb3 Rd6 24. Qa4 a6 25. Qb3 Kb8 26. a4 Rhd8 27. Rfc1 Qb6
28. Rc2 Be5 29. Qa2 Rd1+ 30. Bf1 R8d4 31. Rxd1 Rxd1 32. b5 axb5 33. Qg8+ Ka7 34.
Qb3 bxa4 35. Qxa4+ Kb8 36. Ra2 Qb1 37. Qa7+ Kc8 38. Qa8+ Bb8 0-1

[Event "KL Chess Open 2014"]
[Site "Kuala Lumpur MAS"]
[Date "2014.04.05"]
[Round "3.9"]
[White "Murshed, Niaz"]
[Black "Medina, Warda Aulia"]
[Result "1/2-1/2"]
[WhiteTitle "GM"]
[BlackTitle "WGM"]
[WhiteElo "2464"]
[BlackElo "2332"]
[WhiteFideId "10200010"]
[BlackFideId "7101570"]
[EventDate "2014.04.04"]

1. d4 Nf6 2. c4 e6 3. g3 d5 4. Nf3 Be7 5. Bg2 dxc4 6. Qa4+ Bd7 7. Qxc4 Bc6 8.
O-O Bd5 9. Qd3 Be4 10. Qd1 O-O 11. Nc3 Bc6 12. Qc2 b5 13. a3 a5 14. Bf4 Ra6 15.
Rfd1 b4 16. Nb1 Nd5 17. Nbd2 Bb5 18. Ne4 Nd7 19. Qd2 Rc6 20. a4 Ba6 21. Rac1 Qa8
22. Ne1 Bc4 23. Nc5 Bxc5 24. Rxc4 Bd6 25. Rcc1 N7b6 26. e4 Rxc1 27. Qxc1 Nxf4
28. gxf4 Qd8 29. b3 Qc8 30. Nd3 Rd8 31. Qe3 Bf8 32. Ne5 c5 33. d5 1/2-1/2

[Event "KL Chess Open 2014"]
[Site "Kuala Lumpur MAS"]
[Date "2014.04.05"]
[Round "3.10"]
[White "Pascua, Haridas"]
[Black "Laxman, R.R."]
[Result "0-1"]
[WhiteTitle "FM"]
[BlackTitle "GM"]
[WhiteElo "2375"]
[BlackElo "2449"]
[WhiteFideId "5203953"]
[BlackFideId "5005361"]
[EventDate "2014.04.04"]

1. d4 Nf6 2. c4 e6 3. Nf3 d5 4. Nc3 Bb4 5. Bg5 Nbd7 6. Qb3 c5 7. dxc5 Qa5 8.
Bxf6 Nxf6 9. Rc1 O-O 10. a3 Bxc5 11. e3 Bd7 12. Be2 dxc4 13. Qxc4 Rfc8 14. Qb3
Nd5 15. O-O Nxe3 16. fxe3 Bxe3+ 17. Kh1 Bxc1 18. Rxc1 Bc6 19. Rf1 Rd8 20. Qc4
Rac8 21. Qh4 h6 22. Nd4 Qg5 23. Qxg5 hxg5 24. Nxc6 Rxc6 25. Bh5 f5 26. g4 f4 27.
Bg6 Rd2 28. Ne4 Rd5 29. Nc3 Rd2 30. Ne4 Rxb2 31. Nxg5 e5 32. Rd1 Kf8 33. Bf5 Ke7
34. Nf3 Re2 35. h4 g6 36. Bb1 Re3 37. Kg2 Rcc3 38. Ng5 Rg3+ 39. Kf2 Rxa3 40. Re1
Rxg4 41. Rxe5+ Kd6 42. Nf7+ Kc7 43. Re7+ Kc6 44. Ne5+ Kd6 45. Nxg4 Kxe7 46. Bxg6
a5 47. Be4 b5 48. Bf3 a4 49. Ne5 Rc3 50. Ng6+ Kf7 0-1

[Event "KL Chess Open 2014"]
[Site "Kuala Lumpur MAS"]
[Date "2014.04.05"]
[Round "3.11"]
[White "Ly, Moulthun"]
[Black "Safranska, Anda"]
[Result "1-0"]
[WhiteTitle "IM"]
[BlackTitle "WGM"]
[WhiteElo "2440"]
[BlackElo "2286"]
[WhiteFideId "3204405"]
[BlackFideId "11600209"]
[EventDate "2014.04.04"]

1. e4 g6 2. d4 Bg7 3. Nc3 c6 4. f4 d5 5. e5 Nh6 6. Nf3 f6 7. Be2 Bg4 8. O-O O-O
9. h3 Bxf3 10. Bxf3 e6 11. Ne2 Nd7 12. c3 Qb6 13. Qb3 fxe5 14. Qxb6 axb6 15.
fxe5 Nf5 16. g4 Nh4 17. Bh1 Rxf1+ 18. Kxf1 h6 19. Nf4 Kf7 20. Ke2 g5 21. Nd3 b5
22. Bd2 Kg8 23. Be1 Ng6 24. Bg3 Bf8 25. a3 Kg7 26. Bf3 b6 27. Ke3 Nb8 28. Rf1
Be7 29. Bd1 c5 30. Be2 Nc6 31. Ne1 b4 32. axb4 cxd4+ 33. cxd4 Nf4 34. Bb5 Na7
35. Bd7 Rd8 36. Ba4 Bxb4 37. Nf3 b5 38. Bc2 Rc8 39. Bb1 Rf8 40. Bxf4 Rxf4 41.
Bd3 Rf7 42. Ra1 Rb7 43. Ra6 Kf7 44. h4 Be7 45. hxg5 Bxg5+ 46. Nxg5+ hxg5 47. Ra1
b4 48. Rh1 Kg8 49. Rh6 Re7 50. Rg6+ Kf8 51. Rxg5 Rg7 52. Rxg7 Kxg7 53. Bc2 Nc8
54. Kd2 Ne7 55. Ba4 Ng6 56. Bb5 Kh6 57. Kc2 Nh4 58. Be2 Kg5 59. Kb3 Kf4 60. Kxb4 1-0

[Event "KL Chess Open 2014"]
[Site "Kuala Lumpur MAS"]
[Date "2014.04.05"]
[Round "3.12"]
[White "Yeoh, Li Tian"]
[Black "Neelotpal, Das"]
[Result "1-0"]
[BlackTitle "GM"]
[WhiteElo "2328"]
[BlackElo "2428"]
[WhiteFideId "5702895"]
[BlackFideId "5003512"]
[EventDate "2014.04.04"]

1. e4 e6 2. d4 d5 3. Nd2 Nc6 4. Ngf3 Nf6 5. e5 Nd7 6. Bb5 Be7 7. Nb3 Ncb8 8. O-O
b6 9. Bf4 c6 10. Be2 Ba6 11. Rc1 Bxe2 12. Qxe2 b5 13. c3 a5 14. Rcd1 Na6 15. Nc1
O-O 16. Nd3 b4 17. h4 bxc3 18. bxc3 h6 19. g3 Re8 20. Nh2 Bf8 21. Be3 c5 22. Nf4
Nc7 23. Ng4 f5 24. exf6 Nxf6 25. dxc5 Ne4 26. Bd4 Kh7 27. Qc2 Kg8 28. Rfe1 Nb5
29. Be5 Qe7 30. a4 Na3 31. Qd3 Qxc5 32. Rxe4 dxe4 33. Qxe4 Qe7 34. Qg6 1-0

[Event "KL Chess Open 2014"]
[Site "Kuala Lumpur MAS"]
[Date "2014.04.05"]
[Round "3.13"]
[White "Liew, Chee-Meng Jimmy"]
[Black "Bitoon, Richard"]
[Result "0-1"]
[WhiteTitle "IM"]
[BlackTitle "GM"]
[WhiteElo "2216"]
[BlackElo "2414"]
[WhiteFideId "5700019"]
[BlackFideId "5201110"]
[EventDate "2014.04.04"]

1. d4 Nf6 2. Bg5 c5 3. Bxf6 gxf6 4. d5 Qb6 5. Qc1 e6 6. c4 d6 7. Nc3 Nd7 8. Nf3
f5 9. e3 Nf6 10. Bd3 Bd7 11. Qc2 Rg8 12. g3 Bg7 13. O-O-O O-O-O 14. Kb1 Kb8 15.
Nh4 Rc8 16. Rd2 Ng4 17. Ka1 Qa5 18. e4 f4 19. h3 Nf6 20. dxe6 Bxe6 21. Be2 fxg3
22. fxg3 Ne8 23. Nd5 Rc6 24. Kb1 Ra6 25. b3 Nf6 26. Bf3 Nd7 27. g4 Ne5 28. Bd1
Nxc4 29. bxc4 Bxd5 30. Rxd5 Rb6+ 31. Kc1 Bh6+ 0-1

[Event "KL Chess Open 2014"]
[Site "Kuala Lumpur MAS"]
[Date "2014.04.05"]
[Round "3.14"]
[White "Tejaswini, Sagar"]
[Black "Nguyen, Duc Hoa"]
[Result "1/2-1/2"]
[WhiteTitle "WCM"]
[BlackTitle "IM"]
[WhiteElo "1931"]
[BlackElo "2508"]
[WhiteFideId "5054290"]
[BlackFideId "12401358"]
[EventDate "2014.04.04"]

1. e4 c5 2. Nf3 Nc6 3. d4 cxd4 4. Nxd4 Nf6 5. Nc3 d6 6. Bg5 e6 7. Qd2 Be7 8. f4
Nxd4 9. Qxd4 Bd7 10. O-O-O Qa5 11. e5 dxe5 12. fxe5 Bc6 13. Bc4 Nd5 14. Bxe7
Nxe7 15. Ne4 Bxe4 16. Qxe4 Nc6 17. Rhe1 O-O 18. Rd6 Rad8 19. Red1 Rc8 20. Re1
Nb4 21. Kb1 Nxc2 22. Re2 Nb4 23. a3 Qc5 24. axb4 Qxc4 25. Qxc4 Rxc4 26. b5 Rb4
27. b6 Rxb6 28. Rxb6 axb6 29. Rd2 f6 30. exf6 Rxf6 31. Rd7 Rf2 32. Rxb7 Rxg2 33.
Rxb6 Rxh2 34. Rxe6 h5 35. Re5 Kf7 36. b4 Kf6 37. Rc5 h4 38. b5 Re2 39. b6 Re8
40. b7 Rb8 41. Rb5 g5 42. Kc2 h3 43. Kd3 h2 44. Rb6+ Kf5 45. Rh6 Rxb7 46. Rxh2
Re7 47. Rg2 g4 48. Re2 Rh7 49. Ke3 Kg5 50. Kf2 Rh2+ 51. Kg3 Rh3+ 52. Kg2 Ra3 53.
Rb2 1/2-1/2

[Event "KL Chess Open 2014"]
[Site "Kuala Lumpur MAS"]
[Date "2014.04.05"]
[Round "3.15"]
[White "Montoya, Edsel"]
[Black "Das, Arghyadip"]
[Result "1/2-1/2"]
[BlackTitle "IM"]
[WhiteElo "2185"]
[BlackElo "2460"]
[WhiteFideId "5203147"]
[BlackFideId "5003610"]
[EventDate "2014.04.04"]

1. c4 e6 2. Nf3 d5 3. g3 c6 4. Qc2 Nf6 5. Bg2 Be7 6. O-O O-O 7. d3 b6 8. b3 Bb7
9. Bb2 a5 10. a3 Na6 11. Nbd2 Rc8 12. Rfe1 c5 13. cxd5 Nxd5 14. e4 Ndc7 15. Rad1
Nb5 16. Qc4 Qe8 17. Qc1 Qd8 18. Qa1 Bf6 19. e5 Be7 20. Nc4 Bd5 21. Nfd2 Qc7 22.
Bxd5 exd5 23. Nd6 Nxd6 24. exd6 Qxd6 25. Bxg7 Rfe8 26. Be5 Qg6 27. d4 Bf8 28.
Nf1 Bh6 29. Qb2 Re6 30. Qe2 Nb8 31. Qf3 Nc6 32. Ne3 f6 33. Bf4 Bxf4 34. Qxf4
Nxd4 35. Nxd5 Ne2+ 36. Rxe2 Rxe2 37. Nxf6+ Kh8 38. g4 Rf8 39. Rd6 h6 40. Kf1 Re7
41. h4 b5 42. g5 b4 43. axb4 axb4 44. Rd5 Qb1+ 45. Kg2 Qxb3 46. Rxc5 Qb1 47. Qd6
Ref7 48. Qd4 Rxf6 49. gxf6 Qg6+ 50. Kf1 Qxf6 51. Qxf6+ Rxf6 52. Rb5 Rf4 53. h5
Kg7 54. Kg2 Kf6 55. Kg3 Rf5 56. Rxb4 Rxh5 57. Rb6+ Kg7 58. f4 Ra5 59. Kg4 h5+
60. Kh4 Rc5 1/2-1/2

[Event "KL Chess Open 2014"]
[Site "Kuala Lumpur MAS"]
[Date "2014.04.05"]
[Round "3.16"]
[White "Setyaki, Azarya Jodi"]
[Black "Dimakiling, Oliver"]
[Result "1-0"]
[WhiteTitle "CM"]
[BlackTitle "IM"]
[WhiteElo "2181"]
[BlackElo "2379"]
[WhiteFideId "7101589"]
[BlackFideId "5202248"]
[EventDate "2014.04.04"]

1. e4 e5 2. Nf3 Nc6 3. Bb5 a6 4. Bxc6 dxc6 5. O-O Qd6 6. Na3 Be6 7. Qe2 f6 8. c3
c5 9. Rd1 g5 10. Nc2 c4 11. d4 cxd3 12. Qxd3 O-O-O 13. Qxd6 Bxd6 14. b3 Ne7 15.
Be3 Bg4 16. Rd2 Bxf3 17. gxf3 Ng6 18. Kf1 h6 19. c4 Nh4 20. Ke2 f5 21. exf5 Nxf5
22. Rad1 Rdf8 23. Rd5 Ne7 24. R5d3 Nc6 25. a3 Rf5 26. c5 Be7 27. b4 Rhf8 28. a4
Nd8 29. Rd7 Re8 30. b5 Ne6 31. c6 axb5 32. axb5 bxc6 33. bxc6 Nd8 34. Rxd8+ Bxd8
35. Ra1 Kb8 36. Rb1+ Ka8 37. Nb4 e4 38. Ra1+ Kb8 39. Na6+ Kc8 40. Rb1 exf3+ 41.
Kf1 1-0

[Event "KL Chess Open 2014"]
[Site "Kuala Lumpur MAS"]
[Date "2014.04.05"]
[Round "3.17"]
[White "Paril, Gabriel"]
[Black "Lodhi, Mahmood"]
[Result "1/2-1/2"]
[BlackTitle "IM"]
[WhiteElo "2140"]
[BlackElo "2358"]
[WhiteFideId "5203309"]
[BlackFideId "7800010"]
[EventDate "2014.04.04"]

1. e4 e5 2. Nf3 Nc6 3. Bb5 a6 4. Bxc6 dxc6 5. O-O Bg4 6. d3 f6 7. Nbd2 c5 8. Re1
Ne7 9. a4 Nc6 10. a5 Qd7 11. h3 Bh5 12. Nf1 Nd4 13. N1h2 Be7 14. Be3 O-O-O 15.
Bxd4 cxd4 16. Qc1 Kb8 17. Nh4 Bf7 18. Nf5 Bf8 19. Rf1 g6 20. Nh6 Be6 21. Nf3 Qg7
22. Ng4 h5 23. Ngh2 g5 24. Kh1 Qd7 25. h4 g4 26. Ng1 Bh6 27. Qd1 Qb5 28. Ne2 Bf8
29. Ng3 Bb4 30. Qe2 Bxa5 31. Kg1 Bb6 32. Rfb1 Qd7 33. Nhf1 c6 34. Nd2 Bc7 35.
Re1 Rh7 36. b3 Rhh8 37. Ra4 Qh7 38. Raa1 Bc8 39. Ra2 Qe7 40. Nf5 Qb4 41. Ra4 Qf8
42. Nf1 b5 43. Raa1 Qb4 44. N1g3 Rdg8 45. Red1 Rh7 46. Rf1 Kb7 47. Rfb1 Be6 48.
Rd1 a5 49. Rdb1 Ra8 50. Qd1 Bb6 51. Kh2 Qf8 52. Kg1 Bc5 53. Qf1 Bb4 54. Rd1 Bc3
55. Rab1 a4 56. bxa4 Rxa4 57. Ne2 Ra3 58. Nxc3 Rxc3 59. Rb2 Qa3 60. Rdb1 Kb6 61.
Qc1 Qf8 62. Ra1 Ra7 63. Rxa7 Kxa7 64. Rb1 Kb6 65. Ra1 b4 66. Qd2 Ra3 67. Rb1 c5
68. Ng3 Bf7 69. Nf5 Kc6 70. Qc1 Bg6 71. Kh2 Bxf5 72. exf5 Qc8 73. Ra1 Qxf5 74.
Rxa3 bxa3 75. Qxa3 Qxf2 76. Qa6+ Kd7 77. Qb7+ Kd6 78. Qb8+ Kc6 79. Qe8+ Kb6 1/2-1/2

[Event "KL Chess Open 2014"]
[Site "Kuala Lumpur MAS"]
[Date "2014.04.05"]
[Round "3.18"]
[White "Wohl, Aleksandar H."]
[Black "Anisuzzaman, Jewel"]
[Result "1-0"]
[WhiteTitle "IM"]
[WhiteElo "2355"]
[BlackElo "2110"]
[WhiteFideId "3200345"]
[BlackFideId "10204695"]
[EventDate "2014.04.04"]

1. e4 d6 2. d4 g6 3. Nc3 a6 4. f4 Bg7 5. Nf3 Nf6 6. Be3 b5 7. e5 Ng4 8. Bg1 Nd7
9. h3 Nh6 10. g4 Bb7 11. Bg2 e6 12. Qe2 d5 13. Be3 Nb6 14. b3 Bf8 15. O-O Rc8
16. Rad1 Ng8 17. f5 Bb4 18. fxe6 f6 19. exf6 Nxf6 20. Ne5 O-O 21. Bg5 Bxc3 22.
Nf7 Qe8 23. Rxf6 c5 24. Nh6+ Kh8 25. Qe5 Nd7 26. Rxf8# 1-0

[Event "KL Chess Open 2014"]
[Site "Kuala Lumpur MAS"]
[Date "2014.04.05"]
[Round "3.19"]
[White "Alahakoon, Isuru"]
[Black "Sukandar, Irine Kharisma"]
[Result "0-1"]
[BlackTitle "WGM"]
[WhiteElo "2120"]
[BlackElo "2319"]
[WhiteFideId "9900993"]
[BlackFideId "7101937"]
[EventDate "2014.04.04"]

1. e4 e5 2. Nf3 Nc6 3. Bc4 Nf6 4. d3 Bc5 5. c3 a6 6. Bb3 Ba7 7. h3 h6 8. Nbd2
O-O 9. g4 d5 10. g5 hxg5 11. Nxg5 dxe4 12. dxe4 Na5 13. Bc2 g6 14. Rg1 Qe7 15.
Nf1 Nh5 16. Ne3 Qf6 17. Qe2 Nf4 18. Nd5 Nxd5 19. exd5 Bf5 20. Bxf5 Qxf5 21. Ne4
b5 22. Bh6 Rfd8 23. O-O-O Nc4 24. Bg5 Nd6 25. Bxd8 Nxe4 26. Bh4 b4 27. Rg4 Nxf2
28. Bxf2 Bxf2 29. Rxb4 Bg3 30. Qe4 Bf4+ 31. Kb1 Qxe4+ 32. Rxe4 f5 33. Rc4 e4 34.
Rc6 Kf7 35. c4 e3 36. Re6 Rh8 37. Rf1 g5 38. Rf3 c6 39. Kc2 cxd5 40. cxd5 Rd8
41. Rxa6 Rxd5 42. Rf1 Rd2+ 43. Kc3 Be5+ 44. Kc4 f4 45. b4 e2 46. Re1 f3 47. Ra3
Rc2+ 48. Kd5 Bc3 49. Ke4 f2 0-1

[Event "KL Chess Open 2014"]
[Site "Kuala Lumpur MAS"]
[Date "2014.04.05"]
[Round "3.20"]
[White "Mariano, Nelson III"]
[Black "Yogesh, Gautam"]
[Result "1-0"]
[WhiteTitle "FM"]
[WhiteElo "2318"]
[BlackElo "2091"]
[WhiteFideId "5201748"]
[BlackFideId "5009324"]
[EventDate "2014.04.04"]

1. e4 e6 2. d4 d5 3. exd5 exd5 4. c4 Nf6 5. Nc3 Bb4 6. Bd3 O-O 7. Nf3 dxc4 8.
Bxc4 c5 9. Be3 Nc6 10. h3 Ne4 11. Rc1 Qa5 12. O-O cxd4 13. Bxd4 Nxd4 14. Nxe4
Nxf3+ 15. Qxf3 Qf5 16. Qb3 a5 17. Bd5 Ra6 18. a3 Be7 19. Rc3 a4 20. Qc4 Rg6 21.
Ng3 Qf6 22. Rf3 b5 23. Qa2 Qg5 24. Bxf7+ Kh8 25. Bxg6 Rxf3 26. gxf3 Bxh3 27. Qf7
hxg6 28. Re1 1-0

[Event "KL Chess Open 2014"]
[Site "Kuala Lumpur MAS"]
[Date "2014.04.05"]
[Round "3.21"]
[White "Vu, Phi Hung"]
[Black "Turqueza, Mari Joseph"]
[Result "0-1"]
[BlackTitle "FM"]
[WhiteElo "2095"]
[BlackElo "2295"]
[WhiteFideId "12404527"]
[BlackFideId "5204674"]
[EventDate "2014.04.04"]

1. e4 c5 2. Nf3 d6 3. d4 cxd4 4. Nxd4 Nf6 5. Nc3 a6 6. Be2 e5 7. Nb3 Be7 8. Be3
O-O 9. O-O Nc6 10. f4 a5 11. Kh1 a4 12. Nd2 a3 13. b3 exf4 14. Rxf4 Be6 15. Nc4
Bxc4 16. Bxc4 Ne5 17. Bd3 Rc8 18. Nb5 d5 19. exd5 Nxd3 20. Qxd3 Qxd5 21. Rd4 Qh5
22. Nd6 Ng4 23. Rxg4 Bxd6 24. Rxg7+ Kxg7 25. Qxd6 Rxc2 26. Bd4+ f6 27. g4 Qe8
28. Qd5 Qc6 29. Qxc6 bxc6 30. g5 Kf7 31. Rf1 Re8 32. Rxf6+ Kg8 0-1

[Event "KL Chess Open 2014"]
[Site "Kuala Lumpur MAS"]
[Date "2014.04.05"]
[Round "3.22"]
[White "Hakiki, Kaisar Jenius"]
[Black "Ngo, Thi Kim Tuyen"]
[Result "1-0"]
[WhiteTitle "FM"]
[WhiteElo "2291"]
[BlackElo "2075"]
[WhiteFideId "7102097"]
[BlackFideId "12400505"]
[EventDate "2014.04.04"]

1. e4 c5 2. Nf3 d6 3. d4 cxd4 4. Nxd4 Nf6 5. Nc3 a6 6. Be2 e6 7. a4 b6 8. f4 Bb7
9. Bf3 Qc7 10. Be3 Nbd7 11. Nb3 Be7 12. O-O Rd8 13. Qe1 Nc5 14. Qf2 O-O 15. a5
b5 16. e5 Nfd7 17. exd6 Bxd6 18. Bxb7 Nxb7 19. Ne4 Be7 20. Rfd1 Qc6 21. Qf3 Qc8
22. Rd3 f5 23. Nf2 Bf6 24. c3 e5 25. Qd5+ Kh8 26. Qe6 exf4 27. Bxf4 Qc4 28. Qxa6
Nxa5 29. Nxa5 Qxf4 30. Qxb5 Ne5 31. Rxd8 Rxd8 32. Nb7 Rb8 33. Nd6 Rd8 34. Nb7
Rg8 35. Rd1 h6 36. Qe2 Nc4 37. Nc5 Ne3 38. Nfd3 Qg4 39. Qxg4 Nxg4 40. Re1 Bg5
41. h3 Nf6 42. Re5 g6 43. Kf2 Ne8 44. Ke2 Nd6 45. Re6 Rd8 46. Ne5 Kh7 47. Nc6
Re8 48. Rxe8 Nxe8 49. b4 Nd6 50. Kd3 Bf4 51. c4 g5 52. b5 g4 53. b6 gxh3 54.
gxh3 Kg6 55. Nd4 Kh5 56. Nce6 Be5 57. Nf3 Bg3 58. c5 Nc8 59. Ke3 Bb8 60. Nf4+
Bxf4+ 61. Kxf4 1-0

[Event "KL Chess Open 2014"]
[Site "Kuala Lumpur MAS"]
[Date "2014.04.05"]
[Round "3.23"]
[White "Sihite, Chelsie Monica"]
[Black "Swati, Mohota"]
[Result "1-0"]
[WhiteTitle "WIM"]
[BlackTitle "WFM"]
[WhiteElo "2281"]
[BlackElo "2046"]
[WhiteFideId "7101198"]
[BlackFideId "5006511"]
[EventDate "2014.04.04"]

1. e4 c6 2. d4 d5 3. Nc3 dxe4 4. Nxe4 Nd7 5. Bd3 Ngf6 6. Ng5 e6 7. Qe2 Bd6 8.
N1f3 h6 9. Ne4 Nxe4 10. Qxe4 Nf6 11. Qe2 Qc7 12. Bd2 b6 13. Ne5 Bb7 14. O-O c5
15. c3 O-O 16. f4 Rad8 17. Rad1 cxd4 18. cxd4 Bd5 19. Rc1 Qb7 20. Ba6 Qa8 21. a3
Bb7 22. Bd3 Rc8 23. Nc4 Bb8 24. Ne3 Rxc1 25. Bxc1 Be4 26. Ng4 Bxd3 27. Nxf6+
gxf6 28. Qxd3 f5 29. d5 Qxd5 30. Qxd5 exd5 31. Be3 Re8 32. Kf2 d4 33. Bxd4 Bxf4
34. Kf3 Re4 35. Rd1 Be5 36. Bxe5 Rxe5 37. b4 a5 38. Rd6 axb4 39. axb4 Re6 40.
Rd5 Rf6 41. h4 Kg7 42. h5 f4 43. Re5 Kf8 44. Ke4 Kg7 45. Rf5 f3 46. Rxf3 Re6+
47. Kd5 Kf8 48. Rc3 Ke7 49. Rc6 Kd7 50. Rxe6 fxe6+ 51. Ke5 b5 52. g3 Ke7 53. g4
Kf7 54. Kd6 Kf6 55. Kc5 Kg5 56. Kxb5 Kxg4 57. Kc4 e5 58. Kd5 Kf4 59. b5 e4 60.
b6 e3 61. b7 e2 62. b8=Q+ Kf3 63. Qb3+ Kf2 64. Qc2 Kf1 65. Ke4 e1=Q+ 66. Kf3 1-0